| 000 | 00916nam a2200289 i 4500 | ||
|---|---|---|---|
| 003 | EG-GICUC | ||
| 005 | 20260221072733.0 | ||
| 008 | 260221s1944 ca fr|||| 00| 0 eng d | ||
| 040 |
_aEG-GiCUC _beng _cEG-GiCUC _dEG-GiCUC _erda |
||
| 041 | 0 | _aeng | |
| 082 | 0 | 4 |
_221 _a341 _bFI . T |
| 092 | 0 | 4 | _221 |
| 099 | _aLaw1 11 341 FI . T 1944 | ||
| 100 | 1 |
_aFiner, Herman _eAuthor. |
|
| 245 | 0 | 0 |
_aThe T.V.A. : _bLessons For International Application / _c By Herman Finer. |
| 264 | 1 |
_aMontreal : _bInternational Labour Office, _c1944. |
|
| 300 |
_a289 pages, _c24 cm |
||
| 336 |
_2rda content _atext |
||
| 337 |
_2rda media _aComputer |
||
| 338 |
_2rda carrier _aOnline Resource |
||
| 504 | _aIncludes bibliographical references. | ||
| 546 | _aText in English | ||
| 650 | 1 | 4 | _aPublic international law |
| 856 | 4 | 0 | _uhttps://fll.law.cu.edu.eg/fulltext/bks/B11-08145.pdf |
| 905 | _a48 | ||
| 942 |
_2ddc _cBK _e21 _n0 |
||
| 999 |
_c63916 _d63916 |
||